[Event "BCF-chT4S 1718 (4NCL)"]
[Site "England"]
[Date "2018.03.24"]
[Round "7.15"]
[White "Tart, Peter K"]
[Black "Mate, Maria"]
[Result "1-0"]
[WhiteElo "1922"]
[BlackElo "1770"]
[PlyCount "53"]
[EventDate "2017.11.11"]
[EventType "team-swiss"]
[EventRounds "11"]
[EventCountry "ENG"]
[SourceTitle "EXT 2020"]
[Source "ChessBase"]
[SourceDate "2019.10.17"]
[SourceVersion "1"]
[SourceVersionDate "2019.10.17"]
[SourceQuality "1"]
[WhiteTeam "Crowthorne"]
[BlackTeam "Oxford III"]
[WhiteTeamCountry "ENG"]
[BlackTeamCountry "ENG"]

1. e4 e5 2. Nf3 Nf6 3. d4 Nxe4 4. Bd3 d5 5. Nxe5 Bd6 6. Qh5 0-0 7. 0-0 Nf6 8. Qf3 Be6 9. Bg5 Be7 10. Re1 Nbd7 11. Nd2 Re8 12. Nf1 h6 13. Bh4 Nxe5 14. dxe5 Nd7 15. Bxe7 Qxe7 16. Ng3 Qg5 17. Qe3 Qxe3 18. Rxe3 Nc5 19. Bf1 d4 20. Ree1 Nd7 21. f4 f5 22. exf6 Nxf6 23. Rxe6 Rxe6 24. Bc4 Kf7 25. f5 Ke7 26. fxe6 c5 27. Nf5+ 1-0

[Event "High Wycombe e2e4 op 10"]
[Site "High Wycombe"]
[Date "2012.10.14"]
[Round "5"]
[White "Mate, Maria"]
[Black "Altman, Joshua"]
[Result "1-0"]
[WhiteElo "1779"]
[BlackElo "1550"]
[PlyCount "111"]
[EventDate "2012.10.12"]
[EventType "swiss"]
[EventRounds "5"]
[EventCountry "ENG"]
[SourceTitle "EXT 2013"]
[Source "ChessBase"]
[SourceDate "2012.11.22"]
[SourceVersion "1"]
[SourceVersionDate "2012.11.22"]
[SourceQuality "1"]

1. e4 c5 2. Nf3 Nc6 3. d4 cxd4 4. Nxd4 g6 5. Nc3 Bg7 6. Be3 Nf6 7. Be2 d6 8. 0-0 0-0 9. h3 Bd7 10. Qd2 a6 11. a4 Rc8 12. Rfe1 Ne5 13. Bh6 Nc4 14. Bxc4 Rxc4 15. Bxg7 Kxg7 16. b3 Rc5 17. Rac1 Qa5 18. Nb1 Qc7 19. c4 Rh5 20. Qe3 Qc8 21. Rc3 Re5 22. Nd2 h6 23. Ra1 Rh8 24. b4 Kf8 25. g4 Bxg4 26. f4 Rh5 27. hxg4 Qxg4+ 28. Qg3 Rh4 29. Rf1 Nh5 30. Qxg4 Rxg4+ 31. Kf2 Rxf4+ 32. Rf3 e5 33. Ne2 Rxf3+ 34. Kxf3 Ke7 35. Nc3 Nf4 36. Nd5+ Nxd5 37. cxd5 h5 38. Rc1 Kd7 39. Kg3 f5 40. exf5 gxf5 41. Kh4 f4 42. Ne4 Rh6 43. Rg1 Kc7 44. Rg5 b5 45. a5 Rh7 46. Rxh5 Rxh5+ 47. Kxh5 Kd7 48. Kg6 Ke7 49. Kg7 f3 50. Nf2 Ke8 51. Kf6 Kd7 52. Kf7 Kd8 53. Ke6 Kc7 54. Ke7 e4 55. Nxe4 f2 56. Nxf2 1-0

[Event "High Wycombe e2e4 op 10"]
[Site "High Wycombe"]
[Date "2012.10.12"]
[Round "1"]
[White "Mate, Maria"]
[Black "Edwards, Raymond B"]
[Result "0-1"]
[WhiteElo "1779"]
[BlackElo "1987"]
[PlyCount "128"]
[EventDate "2012.10.12"]
[EventType "swiss"]
[EventRounds "5"]
[EventCountry "ENG"]
[SourceTitle "EXT 2013"]
[Source "ChessBase"]
[SourceDate "2012.11.22"]
[SourceVersion "1"]
[SourceVersionDate "2012.11.22"]
[SourceQuality "1"]

1. e4 c6 2. d4 d5 3. exd5 cxd5 4. Nf3 Nc6 5. c3 Qc7 6. Bd3 Nf6 7. Bg5 g6 8. Bxf6 exf6 9. Nbd2 Bd6 10. Qb3 Be6 11. 0-0 0-0 12. Rfe1 a6 13. a4 Na5 14. Qc2 Nc4 15. h3 Rac8 16. Nh4 Rfe8 17. Ndf3 Bf4 18. Re2 Kg7 19. Rae1 Bd7 20. Rxe8 Rxe8 21. Rxe8 Bxe8 22. b3 Nd6 23. g3 Bh6 24. Kg2 Bd7 25. Ng1 Qc8 26. Nhf3 Qe8 27. Qe2 Kf8 28. Qxe8+ Kxe8 29. Kf1 Bc1 30. Ke1 a5 31. Kd1 Ba3 32. Nd2 Nf5 33. g4 Ng7 34. f4 Bd6 35. Ne2 f5 36. Bb5 fxg4 37. hxg4 h5 38. g5 Bxb5 39. axb5 Ne6 40. c4 Nxf4 41. c5 Nxe2 42. Kxe2 Bf4 43. Nf3 Kd7 44. Kf2 Ke6 45. Ke2 f6 46. Nh4 fxg5 47. Nxg6 Bb8 48. Nf8+ Ke7 49. Nh7 Bf4 50. Kf3 Ke6 51. Nf8+ Kf5 52. Nd7 g4+ 53. Kg2 Ke6 54. Nf8+ Kf5 55. Nd7 h4 56. b6 h3+ 57. Kg1 g3 58. Ne5 Be3+ 59. Kf1 g2+ 60. Ke2 g1Q 61. Kd3 Bxd4 62. Nd7 Qe3+ 63. Kc2 Qc3+ 64. Kd1 Qd3+ 0-1